Viure és dialogar / (Record no. 126770)

MARC details
000 -LEADER
campo de control de longitud fija 00722nam a2200241 i 4500
001 - NÚMERO DE CONTROL
campo de control 126770
003 - IDENTIFICADOR DE NÚMERO DE CONTROL
campo de control ES-MaACL
005 - FECHA Y HORA DE LA ÚLTIMA TRANSACCIÓN
campo de control 20250820122305.0
007 - CAMPO FIJO DE DESCRIPCIÓN FÍSICA--INFORMACIÓN GENERAL
campo de control de longitud fija t|
008 - DATOS DE LONGITUD FIJA--INFORMACIÓN GENERAL
campo de control de longitud fija 070214s1965 sp r ||||1| cat d
080 ## - NÚMERO DE LA CLASIFICACIÓN DECIMAL UNIVERSAL
Número de la Clasificación Decimal Universal 241.513
100 1# - ENTRADA PRINCIPAL--NOMBRE DE PERSONA
Nombre de persona Retif, Louis.
9 (RLIN) 182353
245 10 - MENCIÓN DEL TÍTULO
Título Viure és dialogar /
Mención de responsabilidad, etc. Louis Rétif ; versió catalana de Josep Mª Totosaus.
250 ## - MENCION DE EDICION
Mención de edición 1ª ed.
260 ## - PUBLICACIÓN, DISTRIBUCIÓN, ETC.
Lugar de publicación, distribución, etc. Barcelona :
Nombre del editor, distribuidor, etc. Nova Terra,
Fecha de publicación, distribución, etc. 1965.
300 ## - DESCRIPCIÓN FÍSICA
Extensión 105 p. ;
Dimensiones 16 cm.
490 1# - MENCIÓN DE SERIE
Mención de serie El grà de mostassa ;
Designación de volumen o secuencia 10
650 #7 - PUNTO DE ACCESO ADICIONAL DE MATERIA--TÉRMINO DE MATERIA
Término de materia o nombre geográfico como elemento de entrada Caridad
Fuente del encabezamiento o término embne
9 (RLIN) 10780
700 1# - ENTRADA AGREGADA--NOMBRE PERSONAL
Nombre de persona Totosaus, Josep Mª,
Fechas asociadas al nombre 1932-2014
9 (RLIN) 111112
830 1# - PUNTO DE ACCESO ADICIONAL DE SERIE-TÍTULO UNIFORME
Título uniforme El grà de mostassa ;
Designación de volumen o secuencia 10
9 (RLIN) 183339
852 4# - LOCALIZACIÓN
Ubicación ES-MaACL
Número de control de estantería C-30081
Holdings
Estatus retirado Estado de pérdida Estado de daño No para préstamo Biblioteca de origen Biblioteca actual Ubicación en estantería Fecha de adquisición Fuente de adquisición Total de préstamos Signatura topográfica completa Código de barras Visto por última vez Precio de reemplazo Tipo de ítem Koha
        Biblioteca del Ateneo de Madrid Biblioteca del Ateneo de Madrid Depósito 2 17/01/2008     C-30081 1132042 23/02/2023 23/02/2023 Libro impreso